| 000 | 00611nam a2200229 a 4500 | ||
|---|---|---|---|
| 005 | 20140310183445.0 | ||
| 008 | 080924s19uu xx 00 eng d | ||
| 020 | _a9780781762830 | ||
| 050 |
_aRT 84.5 _b.T36 2007 |
||
| 100 | _aMcEwen, Melanie | ||
| 245 | _aTheoretical basis for nursing. | ||
| 250 | _a2nd ed. | ||
| 260 |
_aPhiladelphia : _bLippincott Williams & Wilkins, _c2007. |
||
| 300 |
_a551p. : _bill ; _c23 cm. |
||
| 521 | _aNUR | ||
| 650 | _aNursing Books. | ||
| 650 |
_aNursing _xPhilosophy. |
||
| 650 | _aNursing. | ||
| 700 | _aWills, Evelyn M. | ||
| 942 |
_cBK _2lcc _kFOR |
||
| 999 |
_c23226 _d23226 |
||